书目信息 |
| 题名: |
大众科学的文化意义
|
|
| 作者: | 库特 著 ;张卫良 , 施义慧 译 | |
| 分册: | ||
| 出版信息: | 北京 商务印书馆 2011.11 |
|
| 页数: | 12,643页 | |
| 开本: | 21cm | |
| 丛书名: | ||
| 单 册: | ||
| 中图分类: | B84 | |
| 科图分类: | ||
| 主题词: | 颅相学--研究--英国--19世纪 , 颅相学 | |
| 电子资源: | ||
| ISBN: | 978-7-100-08345-4 | |
| 000 | 01317nam0 2200325 450 | |
| 001 | 010700119074 | |
| 005 | 20130627100158.33 | |
| 010 | @a978-7-100-08345-4@dCNY43.00 | |
| 100 | @a20120220d2011 em y0chiy0110 ea | |
| 101 | 1 | @achi@ceng |
| 102 | @aCN@b110000 | |
| 105 | @aa z 001yy | |
| 106 | @ar | |
| 200 | 1 | @a大众科学的文化意义@9da zhong ke xue de wen hua yi yi@e19世纪英国颅相学及其认同组织@f(英)罗杰·库特(Roger Cooter)著@g张卫良,施义慧译 |
| 210 | @a北京@c商务印书馆@d2011.11 | |
| 215 | @a12,643页@c图@d21cm | |
| 300 | @a杭州师范大学历史系提供部分出版资助 | |
| 305 | @a据剑桥大学出版社1999年英文版译出 | |
| 312 | @a封面英文题名:The cultural meaning of popular science | |
| 330 | @a本书第一次对科学在工人阶级激进派中的地位和作用进行了深入研究,在翔实的资料基础上,提示了在前达尔文时代的英国,科学已经对大众思想和文化产生了重要作用。 | |
| 510 | 1 | @aCultural meaning of popular science@zeng |
| 517 | 1 | @a19世纪英国颅相学及其认同组织@919 shi ji ying guo lu xiang xue ji qi ren tong zu zhi |
| 606 | 0 | @a颅相学@x研究@y英国@z19世纪 |
| 606 | 0 | @a颅相学 |
| 690 | @aB84@v5 | |
| 701 | 0 | @c(英)@a库特@9ku te@c(Cooter, Roger)@4著 |
| 702 | 0 | @a张卫良@9zhang wei liang@f(1962~)@4译 |
| 702 | 0 | @a施义慧@9shi yi hui@f(1970~)@4译 |
| 801 | 0 | @aCN@bNLC@c20120427 |
| 905 | @b546545-50@dB84@e1203@f6 | |
| 大众科学的文化意义:19世纪英国颅相学及其认同组织/(英)罗杰·库特(Roger Cooter)著/张卫良,施义慧译.-北京:商务印书馆,2011.11 |
| 12,643页:图;21cm |
| 杭州师范大学历史系提供部分出版资助 |
| ISBN 978-7-100-08345-4:CNY43.00 |
| 本书第一次对科学在工人阶级激进派中的地位和作用进行了深入研究,在翔实的资料基础上,提示了在前达尔文时代的英国,科学已经对大众思想和文化产生了重要作用。 |
| ● |
| 相关链接 |
|
|
|
|
正题名:大众科学的文化意义
索取号:B84/1203
 
预约/预借
| 序号 | 登录号 | 条形码 | 馆藏地/架位号 | 状态 | 备注 |
| 1 | 546545 | 205465450 | 第一样本阅览室/ [索取号:B84/1203] | 在馆 | |
| 2 | 546546 | 205465469 | 第一借阅区/ [索取号:B84/1203] | 在馆 | |
| 3 | 546547 | 205465478 | 第一借阅区/ [索取号:B84/1203] | 在馆 | |
| 4 | 546548 | 205465487 | 第一借阅区/ [索取号:B84/1203] | 在馆 | |
| 5 | 546549 | 205465496 | 第一借阅区/ [索取号:B84/1203] | 在馆 | |
| 6 | 546550 | 205465502 | 第一借阅区/ [索取号:B84/1203] | 在馆 |